| 000 | 00498nam a22001817a 4500 | ||
|---|---|---|---|
| 005 | 20250225105200.0 | ||
| 008 | 250225b |||||||| |||| 00| 0 eng d | ||
| 020 | _a9789351772071 | ||
| 041 | _aEng | ||
| 082 |
_a158.1 _bKEL |
||
| 100 |
_aKeller Jeff _9211438 |
||
| 245 | _aAttitude is Everything: Change Your Attitude, Change Your Life | ||
| 260 |
_aIndia _bHarper Collins Publishers _c2017 |
||
| 300 | _a128 | ||
| 365 |
_b225.00 _cRs.00 |
||
| 650 |
_aApplied Psychology _9211412 |
||
| 942 | _cBK | ||
| 999 |
_c365275 _d365275 |
||